00325nam a2200121Ia 4500008004100000041000800041082001600049100002000065245004100085260004400126300002400170365000900194240624s9999 xx 000 0 und d aeng a332.621 FAB aFABOZZI FRANK J aHANDBOOK OF STABLE VALUE INVESTMENTS c1998aPennsylvaniabJohn Wiley and Sons a392 : p. : cm. ; 24 cb30